| 000 | 00566cam a2200193 a 4500 | ||
|---|---|---|---|
| 001 | 000011773 | ||
| 005 | 20200929162547.0 | ||
| 008 | 870306m19851985cu b 001 0 spa | ||
| 040 |
_aDO-SdBNP _bspa _cLC _dBNPHU |
||
| 082 |
_a401.43 _bT147e |
||
| 100 | 1 |
_aTallet, José Z. _927848 |
|
| 245 | 1 | 0 |
_aEvitemos gazapos y gazapitos / _cJose Z. Tallet. |
| 260 |
_aLa Habana : _bLetras Cubanas, _c1985. |
||
| 300 |
_a317 p. ; _c19 cm. |
||
| 650 | 4 |
_aSemiótica _94668 |
|
| 650 | 4 |
_aLenguaje y lenguas _xOrtografía _99406 |
|
| 910 | _aCatalogación derivada | ||
| 049 | _aBNGR | ||
| 999 |
_c11447 _d11447 |
||